Middle-Earth or Nordic Town? Quiz Stats

 Plays Quiz Updated Oct 31, 2017

Challenge
Share
Tweet
Embed
Score 0/24 Timer 05:00
3 Plays Today
Town M/N % Correct
Rivendell???
89.3%
Minas Tirith???
89%
Isengard???
86.8%
Vejle???
80.2%
Umeå???
78.7%
Aarhus???
77.3%
Lahti???
77.3%
Västerås???
77%
Sundsvall???
77%
Oulu???
75.8%
Vantaa???
75.8%
Borås???
72.3%
Town M/N % Correct
Asker???
69.3%
Halmstad???
65.2%
Linhir???
60.4%
Edhellond???
60.4%
Dragør???
60.3%
Forlond???
59.6%
Valmar???
58%
Nogrod???
55.3%
Harlond???
53.7%
Standelf???
47.4%
Ondosto???
31.6%
Aldburg???
27.9%

You're not logged in!

Compare scores with friends on all Sporcle quizzes.
Join for Free
OR
Log In

You Might Also Like...

Show Comments

Extras

Top Quizzes Today


Score Distribution

Your Account Isn't Verified!

In order to create a playlist on Sporcle, you need to verify the email address you used during registration. Go to your Sporcle Settings to finish the process.

Report this User

Report this user for behavior that violates our Community Guidelines.

Details: